000 00436nam a22001697a 4500
005 20251108172400.0
008 250721s1982 xx 000 0 eng d
082 1 4 _aJ/F/MAT
100 1 _aMathews, Leonard
245 1 0 _aBusy People :
_bA Book of Work and Play /
264 1 _aLondon :
_bHadder & Stoughton,
_c1982.
300 _a44p : ill
650 1 7 _aFiction
700 1 _aWool Eock, Peter
942 _2ddc
_cBK
999 _c77819
_d77819